header

Biology today (Record no. 253388)

MARC details
000 -LEADER
fixed length control field 00384nam a22001577a 4500
003 - CONTROL NUMBER IDENTIFIER
control field OSt
005 - DATE AND TIME OF LATEST TRANSACTION
control field 20160510094123.0
008 - FIXED-LENGTH DATA ELEMENTS--GENERAL INFORMATION
fixed length control field 160510b xxu||||| |||| 00| 0 eng d
020 ## - INTERNATIONAL STANDARD BOOK NUMBER
International Standard Book Number 0815341571
040 ## - CATALOGING SOURCE
Transcribing agency N/A
100 ## - MAIN ENTRY--PERSONAL NAME
Personal name Minkoff Eli C
245 ## - TITLE STATEMENT
Title Biology today
Remainder of title An issues approach
250 ## - EDITION STATEMENT
Edition statement 3rd ed
260 ## - PUBLICATION, DISTRIBUTION, ETC. (IMPRINT)
Place of publication, distribution, etc New York
Name of publisher, distributor, etc Garland publishing
Date of publication, distribution, etc 2004
942 ## - ADDED ENTRY ELEMENTS (KOHA)
Source of classification or shelving scheme Library of Congress Classification
Koha item type Long Loan Books
Holdings
Withdrawn status Lost status Source of classification or shelving scheme Damaged status Not for loan Home library Current library Shelving location Date acquired Total Checkouts Full call number Barcode Date last seen Date checked out Price effective from Koha item type Collection code Source of acquisition
    Library of Congress Classification     Rongo University Library Rongo University Library General Stacks 10/05/2016 1 QH 315 .M63 2004 201611965 12/10/2017 28/09/2017 10/05/2016 Long Loan Books    
    Library of Congress Classification     Rongo University Library Rongo University Library General Stacks 13/11/2025   QH315 .M63 2004 20260498 13/11/2025   13/11/2025 Long Loan Books Non-fiction Books for Africa (Donation)

© 2026 Rongo University
Contact us: librarian | system librarian | Rongo university